| 000 | 00478nam a2200169Ia 4500 | ||
|---|---|---|---|
| 005 | 20250923150332.0 | ||
| 008 | 008 250917s9999 xx 000 0 eng d | ||
| 037 | _aTextual | ||
| 040 |
_aDSWL _beng _cDSWL |
||
| 041 |
_aeng _2eng |
||
| 084 |
_aL(Y) Q0 _qDSWL |
||
| 245 | 0 |
_aTheory and practice of group counselling _cEd.by E Jacob |
|
| 260 |
_aNew Delhi _bCengage LearningLearning _c2010 |
||
| 300 | _a327p. | ||
| 942 |
_cTEXL _hL(Y) Q0 |
||
| 999 |
_c1462315 _d1462315 |
||